• 首页
  • 本馆介绍
  • 公告通知
  • 最新文献
  • 馆藏检索
  • 电子资源
  • 读者导购
  • 参考咨询
  • 我的图书馆
  • 登录
  • 详细信息显示
  • 放入我的书架
  • 预约/预借图书
  • 作者相关作品
  • 分类相关作品
  • 丛书相关作品
  • 出版社相关作品

书目信息

  • 表格格式
  • 工作单格式
  • 卡片格式
题名:
东亚坐标中的跨国人物研究
    
 
作者: 王勇 主编
分册:  
出版信息: 北京   中国书籍出版社  2015.9
页数: 345页
开本: 24cm
丛书名: 中国书籍文库
单 册:
中图分类: K833.1
科图分类:
主题词: 历史人物--li shi ren wu--人物研究--东亚--古代 , 人物研究--ren wu yan jiu , 东亚--dong ya
电子资源:
ISBN: 978-7-5068-3155-0
000 01333nam0 22002771 450
001 0119171319
005 20170619171319.0
010    @a978-7-5068-3155-0@dCNY85.00
100    @a20130109d2013 em y0chiy50 ea
101 0  @achi
102    @aCN@b110000
105    @aa z 000yy
106    @ar
200 1  @a东亚坐标中的跨国人物研究@9dong ya zuo biao zhong de kua guo ren wu yan jiu@f王勇主编
210    @a北京@c中国书籍出版社@d2015.9
215    @a345页@c图,照片@d24cm
225 2  @a中国书籍文库@9zhong guo shu ji wen ku@i历史与文化
330    @a本书共分“历史足迹”、“意象传播”、“信息互动”、“以文会友”4编,从各个角度发掘历史上有名或无名人物的事迹,援引大量中外史料演绎他(她)们的故事。这里面既有不为世人关注的唐代中日混血儿,又有足不出境而意象远播的李白;既有外交使节如司马曹达、遣唐使、一山一宁等,也有文人雅士如宋濂、王国维,仓石武四郎等。除此之外,还有求法僧、留学生、商人、官员、技师、画家、船工等往返于东海,他(她)们带动了物资流通,加速了信息传播,促进了文化交流,增进了互相理解,成为东亚文化圈的强韧纽带。
461  0 @12001 @a中国书籍文库@i历史与文化
606 0  @a历史人物@9li shi ren wu@x人物研究@y东亚@z古代
606 0  @a人物研究@9ren wu yan jiu
606 0  @a东亚@9dong ya
690    @aK833.1@v5
701  0 @a王勇@9wang yong@f(1966.10~)@4主编
801  0 @aCN@b百万庄@c20170617
905    @b1012635-40@dK833.1@e851@f6
    
    东亚坐标中的跨国人物研究/王勇主编.-北京:中国书籍出版社,2015.9
    345页:图,照片;24cm.-(中国书籍文库.历史与文化)
    
    
    ISBN 978-7-5068-3155-0:CNY85.00
    本书共分“历史足迹”、“意象传播”、“信息互动”、“以文会友”4编,从各个角度发掘历史上有名或无名人物的事迹,援引大量中外史料演绎他(她)们的故事。这里面既有不为世人关注的唐代中日混血儿,又有足不出境而意象远播的李白;既有外交使节如司马曹达、遣唐使、一山一宁等,也有文人雅士如宋濂、王国维,仓石武四郎等。除此之外,还有求法僧、留学生、商人、官员、技师、画家、船工等往返于东海,他(她)们带动了物资流通,加速了信息传播,促进了文化交流,增进了互相理解,成为东亚文化圈的强韧纽带。
●
相关链接 在E读中查询图书 在五车中查询图书 在当当中查询图书 在豆瓣中查询图书


正题名:东亚坐标中的跨国人物研究     索取号:K833.1/851         预约/预借

序号 登录号 条形码 馆藏地/架位号 状态 备注
1 1012635   210126353   第二样本阅览室/ [索取号:K833.1/851] 在馆    
2 1012636   210126362   教育系资料室/ [索取号:K833.1/851] 在馆    
3 1012637   210126371   教育系资料室/ [索取号:K833.1/851] 在馆    
4 1012638   210126380   教育系资料室/ [索取号:K833.1/851] 在馆    
5 1012639   210126399   第二借阅区/ [索取号:K833.1/851] 在馆    
6 1012640   210126406   第二借阅区/ [索取号:K833.1/851] 在馆    
唐山师范学院图书馆 欢迎您!
大连网信软件有限公司© 版权所有